La ciudad y los perros / (Registro nro. 10767)

Detalles MARC
000 -LIDER
fixed length control field 00982cam a2200361 c 4500
001 - NÚMERO DE CONTROL
Identificador de número de control a50238
003 - IDENTIFICACDOR DE NÚMERO DE CONTROL
control field DO-SdBNP
005 - DATE AND TIME OF LATEST TRANSACTION
control field 20171116133150.0
007 - CAMPOS FIJOS DE DESCRIPCIÓN FÍSICA
fixed length control field a50238
008 - ELEMENTOS DE LONGITUD FIJA
fixed length control field 110330s2008 mx a | |||| 000 0 spa
015 ## - NÚMERO DENTRO DE LA BIBLIOGRAFÍA NACIONAL
National bibliography number
017 ## - NÚMERO DE REGISTRO DE DERECHOS DE AUTOR
Copyright or legal deposit number
Assigning agency
020 ## - ISBN
International Standard Book Number 9789707702110
035 ## - NÚMERO LOCAL
System control number
040 ## - FUENTE DE CATALOGACIÓN
Agencia que crea de manera original el registro BPMSU
Idioma de catalogación spa
Agencia que realiza la transcripción BPMSU
Convenciones de la despripción
080 ## - NÚMERO DE CLASIFICACIÓN DECIMAL UNIVERSAL
Universal Decimal Classification number
080 ## - NÚMERO DE CLASIFICACIÓN DECIMAL UNIVERSAL
Universal Decimal Classification number
082 #4 - NÚMERO DE CLASIFICACIÓN DECIMAL DE DEWEY
Classification number Pe863.44
Item number V297ci
100 1# - ASIENTO PRINCIPAL -- NOMBRE PERSONAL
Nombre personal Vargas Llosa, Mario,
Fechas asociadas con el nombre 1936-.
245 13 - MENCIÓN DE TITULO
Título La ciudad y los perros /
Medio (Designación general de material)
Subtítulo
Mención de responsabilidad Mario Vargas Llosa
246 0# - VARIACION DEL TÍTULO
Despliegue de texto
Título propiamente dicho o título corto
260 ## - PUBLICACIÓN, DISTRIBUCIÓN, ETC. (PIE DE IMPRENTA)
Lugar de publicación, distribución, etc México :
Nombre del editor, distribuidor, etc. Alfaguara,
Fecha de publicación, distribución, etc 2008
300 ## - DESCRIPCIÓN FÍSICA
Extensión 483 p. :
Otros detalles físicos
Dimensiones 24 cm
490 0# - MENCIÓN DE SERIES
Mención de serie Biblioteca Mario Vargas Llosa
Volume/sequential designation
500 ## - NOTA GENERAL
Materiales especificados Incluye datos biográficos del autor en la solapa.
600 17 - ENCABEZAMIENTO DE MATERIA--NOMBRE PERSONAL
Fuente del encabezado o término
650 ## - ENCABEZAMIENTO DE MATERIA--TEMÁTICO
Término temático o nombre geográfico como elemento de entrada NOVELA PERUANA
650 ## - ENCABEZAMIENTO DE MATERIA--TEMÁTICO
Término temático o nombre geográfico como elemento de entrada LITERATURA PERUANA
830 ## - ASIENTO SECUNDARIO DE SERIE--TÍTULO UNIFORME
Título uniforme Biblioteca Mario Vargas Llosa
Volume number/sequential designation
942 ## - ADDED ENTRY ELEMENTS (KOHA)
Source of classification or shelving scheme Dewey Decimal Classification
Koha item type Libros
945 ## - INFORMACIÓN DE PROCESAMIENTO LOCAL
Información de procesamiento local Inventariado extranjero / 2017 VM
956 ## - LOCAL ELECTRONIC LOCATION AND ACCESS (OCLC)
Nombre de host VMATEO
Trayectoria 10
Nombre Electrónico 20160707
Procesador de solicitud BPMSU
Instrucción 00069
Existencias
Withdrawn status Lost status Source of classification or shelving scheme Damaged status Not for loan Collection code Home library Current library Date acquired Source of acquisition Total Checkouts Full call number Barcode Date last seen Price effective from Koha item type Copy number
    Dewey Decimal Classification     Colección General Biblioteca Pública Metropolitana Salomé Ureña Biblioteca Pública Metropolitana Salomé Ureña 07/07/2016 ALFAGUARA   Pe863.44 V297ci BPMET16070240 07/07/2016 07/07/2016 Libros  
    Dewey Decimal Classification     Colección General Biblioteca Pública Metropolitana Salomé Ureña Biblioteca Pública Metropolitana Salomé Ureña 07/07/2016 ALFAGUARA   Pe863.44 V297ci BPMUS16070241 07/07/2016 07/07/2016 Libros e. 2
    Dewey Decimal Classification     Colección General Biblioteca Pública Metropolitana Salomé Ureña Biblioteca Pública Metropolitana Salomé Ureña 07/07/2016 ALFAGUARA   Pe863.44 V297ci BPMSU16070242 07/07/2016 07/07/2016 Libros e. 3